Ochrana okrasných rastlín /

Uloženo v:
Podrobná bibliografie
Hlavní autor: Kollár, Ján (Autor)
Médium: Kniha
Jazyk:slovenština
Vydáno: Nitra : Slovenská poľnohospodárska univerzita, 2012
Vydání:1. vyd.
Témata:
ISBN:9788055208060
On-line přístup: Získat plný text
Tagy: Přidat tag
Žádné tagy, Buďte první, kdo vytvoří štítek k tomuto záznamu!

MARC

LEADER 00000nam a2200000 4500
003 SK-BrCVT
005 20220618105434.0
006 a e 000 0
008 210511s2012 xo e 000 0slo#d
020 |a 9788055208060   |q (brož.) 
035 |a CVTIDW0076840 
040 |a SNK  |b slo  |c SNK  |e AACR2  |d CVTI SR 
041 0 |a slo 
044 |a xo  |c SK 
072 0 |a 632  |2 CVTI SR 
080 |a 632.9  |2 2001 
080 |a 635.9  |2 2001 
080 |a (075.8)  |2 2001 
100 1 |a Kollár, Ján  |4 aut 
245 1 0 |a Ochrana okrasných rastlín /  |c Ján Kollár 
250 |a 1. vyd. 
260 |a Nitra :  |b Slovenská poľnohospodárska univerzita,  |c 2012 
300 |a 140 s. :  |b lit. ;  |c 30 cm 
366 |e 200 výt. 
500 |a Fakulta záhradníctva a krajinného inžinierstva 
504 |a Bibliogr. s. 137-140 
521 |a Pre študentov SPU 
650 0 7 |a ochrana rastlín  |2 SNKPH 
650 0 7 |a okrasné rastliny  |2 SNKPH 
650 0 7 |a Plant conservation  |2 SNKPHeng 
650 0 7 |a Ornamental plants  |2 SNKPHeng 
653 1 |a ochrana rastlín 
655 7 |a skriptá  |2 SNKPH 
655 7 |a Textbooks (higher)  |2 SNKPHeng 
852 |a CVTISR  |b 1 
901 |a 1 Slovenská národná knižnica Martin (SNK)  |b 20210511134753  |d clas01  |u z3950.snk.sk:1111  |i vtls010455818  |m 20160905164200.0 
910 |b S629684 
919 |a 978-80-552-0806-0 
959 |a 41 
974 |a katarina.repata  |f Knihy 
992 |a ASK 
999 |c 257163  |d 257163